000 00334nam a22001457a 4500
008 230327b ||||| |||| 00| 0 eng d
020 _a9780316128285
041 _aeng
080 _2FIRST EDITION
_a159.9
082 _a159.9CAR
100 _a25
101 _aPSI
245 _aHANDBOOK FOR THE HEART
_cCARLSON.R
942 _2udc
_cBK
999 _c59458
_d59458